000 00329nam a22001337a 4500
008 170928b xxu||||| |||| 00| 0 eng d
020 _a9780435087883
041 _aeng
080 _a37
100 _a47
101 _aEDU
245 _aBEST PRACTICE NEW STANDARS FOR TEACHING AND LEARNING
_cDANIELS,H
942 _2udc
_cBK
999 _c30490
_d30490